[Event "AUTO-ADV-4814"]
[Site "http://www.queenalice.com/game.php?id=1844058"]
[Date "2024.9.21"]
[Round "1"]
[White "Capixaba789"]
[Black "Chsilva"]
[Result "1-0"]
[WhiteElo "1833"]
[BlackElo "1696"]

1. d4 d5 2. Nc3 Nf6 3. f4 Bf5 4. Nf3 Nc6 5. a3 h6 6. e3 Qd6 7. Be2 Na5 8. O-O
Nc4 9. Ne5 Qe6 10. Nb5 O-O-O 11. Nxa7+ Kb8 12. Nb5 Bg6 13. b3 Nxe5 14. fxe5 Ne4
15. Qe1 Qc6 16. a4 Qxc2 17. Ba3 Qxb3 18. Qc1 c6 19. Rd1 Qxa4 20. Bxe7 Qb3 21.
Bxd8 Ng5 22. Qc3 Qxc3 23. Nxc3 Bb4 24. Ba5 Bxc3 25. Bxc3 Ne4 26. Ba5 f6 27. exf6
gxf6 28. Bf3 Rg8 29. Bb6 Nd6 30. Bc5 Nc4 31. Kf2 Nb2 32. Rd2 Nd3+ 33. Kg1 Nxc5
34. dxc5 Bf5 35. Ra5 Bh3 36. Rda2 Kc7 37. Ra8 Rg7 38. R2a7 h5 39. Rh8 Rg5 40.
Rxh5 Bf5 41. Rxg5 fxg5 42. Kf2 g4 43. Be2 Kb8 44. Ra3 b5 45. Kg3 Kb7 46. Bxg4
Bc2 47. Ra2 Bb3 48. Rb2 Bc4 49. Bf5 Ka6 50. h4 Ka5 51. h5 b4 52. h6 Kb5 53. h7
Kxc5 54. h8=Q b3 55. Qc3 Kd6 56. Kf4 Bf1 57. g4 c5 58. Rxb3 c4 59. Qe5+ Kc5 60.
Qd4+ Kd6 61. Rb6+ Kc7 62. Qc5+ Kd8 63. Rb7 Ke8 64. Qc8# 1-0

[Event "Challenge"]
[Site "http://www.queenalice.com/game.php?id=1844077"]
[Date "2024.9.21"]
[Round "-"]
[White "okiwiz"]
[Black "Chsilva"]
[Result "0-1"]
[WhiteElo "1842"]
[BlackElo "1789"]

1. d4 c5 2. c3 cxd4 3. cxd4 Nc6 4. e3 Nf6 5. Bd3 d5 6. Nd2 e6 7. f4 Nb4 8. Bb1
Bd6 9. Ngf3 h6 10. O-O O-O 11. Ne5 Bxe5 12. fxe5 Ne4 13. Nxe4 dxe4 14. Bxe4 Qb6
15. Bb1 Bd7 16. a3 Nd5 17. Qd3 g6 18. b4 Bb5 19. Qd1 Bxf1 20. Qxf1 Qc6 21. Be4
Qc3 22. Ra2 Nxe3 23. Bd2 Nxf1 24. Bxc3 Ne3 25. Bxb7 Rab8 26. Be4 Rfc8 27. Bd2
Nd1 28. Ra1 Nb2 29. Bxh6 Kh7 30. Be3 Na4 31. Rf1 Kg7 32. Bg5 Nc3 33. Bd3 Nb5 34.
Bxb5 Rxb5 35. Bf6+ Kf8 36. Rd1 Rc3 37. d5 Rxd5 38. Rxd5 exd5 39. a4 Rc4 40. a5
Rxb4 41. Kf2 d4 42. Ke1 Ra4 43. Bd8 a6 44. Ke2 Ra3 45. h4 Re3+ 46. Kd2 Rxe5 47.
Kd3 Rd5 48. Bb6 f6 49. g3 f5 50. Bc7 Kf7 51. Bb6 Ke6 52. Bxd4 Rxa5 53. Kc4 Ra4+
54. Kc5 Ra2 55. Be3 a5 56. Kb5 a4 57. Kb4 Ke5 58. Bf4+ Ke4 59. Kc3 Kf3 60. Kb4
Ke4 61. Kc3 Kd5 62. Kb4 Kd4 63. Kb5 Kc3 64. Be5+ Kb3 65. Kc5 Rd2 66. Bf6 a3 67.
Kb5 a2 68. Bg7 Re2 69. Bf6 Re3 70. Kc5 Rxg3 71. Kb5 Rg4 72. Kc5 f4 73. Kd5 f3
74. Bd4 Rxh4 75. Ke5 g5 76. Kd5 g4 77. Bf6 Rh3 78. Bd4 g3 79. Ba1 f2 80. Be5 g2
81. Bd4 f1=Q 82. Ke6 Qc4+ 83. Kf6 Qxd4+ 84. Kf5 a1=Q 85. Ke6 g1=Q 86. Kf5 Qaf1+
87. Ke6 Re3# 0-1

[Event "Challenge 1"]
[Site "http://www.queenalice.com/game.php?id=1845070"]
[Date "2024.10.10"]
[Round "-"]
[White "zubarev"]
[Black "Chsilva"]
[Result "0-1"]
[WhiteElo "1957"]
[BlackElo "1765"]

1. d4 d5 2. Nc3 Nf6 3. Nf3 Nc6 4. e3 Be6 5. Bb5 a6 6. Bd3 Qd7 7. O-O Bg4 8. Be2
Bxf3 9. Bxf3 e5 10. dxe5 Nxe5 11. Bd2 c6 12. h3 Bd6 13. Be2 O-O 14. f4 Ng6 15.
Bf3 Nh4 16. Rc1 b5 17. Be1 Nxf3+ 18. Qxf3 Bc5 19. Bf2 Qa7 20. Ne2 Ne4 21. Nd4
Bxd4 22. exd4 Nd2 23. Qe2 Nxf1 0-1

[Event "Challenge 2"]
[Site "http://www.queenalice.com/game.php?id=1845071"]
[Date "2024.10.10"]
[Round "-"]
[White "Chsilva"]
[Black "zubarev"]
[Result "0-1"]
[WhiteElo "1807"]
[BlackElo "1932"]

1. e4 e5 2. Nf3 Nc6 3. Nc3 d6 4. Bc4 Be7 5. d3 Nf6 6. Ng5 O-O 7. O-O h6 8. Nf3
Bg4 9. h3 Bh5 10. Ne2 Bxf3 11. gxf3 Qd7 12. Ng3 Qxh3 13. d4 Nxd4 14. Re1 Nh7 15.
Bf1 Qe6 16. c3 Nc6 17. Qb3 Rab8 18. Bg2 Qxb3 19. axb3 Bg5 20. b4 Bxc1 21. Rexc1
Ne7 22. Kf1 f5 23. exf5 Nxf5 24. Ke2 Nh4 25. Rg1 a6 26. Rh1 Nxg2 27. Rag1 Nf4+
28. Ke3 Nd5+ 29. Kd2 Rxf3 30. Ke2 Rbf8 31. Nh5 Rxf2+ 32. Kd1 g5 33. Kc1 Re2 34.
Ng3 Ref2 35. Rxh6 Ne3 36. Kb1 Ng4 37. Rh5 Rh2 38. Ka2 Rxh5 39. Nxh5 Ngf6 40. Ng3
Nd5 41. Ne4 Rf5 42. c4 Nxb4+ 43. Kb3 Nd3 44. Nc3 Nc5+ 45. Kb4 Rf2 46. Nd1 Rf4
47. Ne3 Nd3+ 48. Kc3 Nc5 49. Nd5 Rf3+ 50. Kc2 c6 51. Ne7+ Kg7 52. Nc8 Ne4 53. b3
Rc3+ 54. Kb2 Rf3 55. Nb6 Nc5 56. Nc8 Rxb3+ 57. Kc2 a5 58. Nxd6 Rf3 59. Ne8+ Kg6
60. Nd6 Nf6 61. Rb1 Rf2+ 62. Kc3 Nce4+ 63. Nxe4 Nxe4+ 64. Kd3 Nc5+ 65. Ke3 Rf4
66. Rd1 Rxc4 67. Rd6+ Kf5 68. Rd8 a4 69. Rf8+ Kg6 70. Rh8 a3 71. Rh1 a2 72. Ra1
Ra4 73. Kd2 Nb3+ 74. Kc2 Nxa1+ 75. Kb2 g4 76. Kxa1 g3 0-1

[Event "Challenge"]
[Site "http://www.queenalice.com/game.php?id=1845838"]
[Date "2024.10.20"]
[Round "-"]
[White "Chsilva"]
[Black "okiwiz"]
[Result "1-0"]
[WhiteElo "1772"]
[BlackElo "1824"]

1. e4 e6 2. d4 d5 3. e5 c5 4. dxc5 Bxc5 5. Bd3 Nc6 6. Nf3 Bd7 7. O-O Nge7 8. Nc3
Rc8 9. Ng5 Nxe5 10. Bf4 N5g6 11. Qf3 Bc6 12. Bc7 d4 13. Qxf7+ Kd7 14. Bxd8 Rcxd8
15. Nce4 Bb6 16. Qxe6+ Kc7 17. Ng3 Rd6 18. Qf7 Bd5 19. Qxg7 Rd7 20. Bxg6 Nxg6
21. Qh6 Rg8 22. N5e4 Rf7 23. Qh5 Rfg7 24. Qxd5 Nf4 25. Qe5+ Kd7 26. Nf6+ 1-0

[Event "AUTO-OPEN-4557"]
[Site "http://www.queenalice.com/game.php?id=1846223"]
[Date "2024.10.26"]
[Round "1"]
[White "game"]
[Black "Chsilva"]
[Result "1-0"]
[WhiteElo "1551"]
[BlackElo "1793"]

1. e4 c5 2. Nf3 Qc7 3. Bc4 e6 4. d4 Nf6 5. e5 Ne4 6. O-O Be7 7. Re1 Qc6 8. Qd3
cxd4 9. Nxd4 Nc5 10. Qg3 Qc7 11. Nb5 Qa5 12. Bd2 Qb6 13. Qxg7 Rf8 14. Re3 Nc6
15. Rh3 Ne4 16. Rxh7 Qxf2+ 17. Kh1 Nxd2 18. Nxd2 Qb6 19. Ne4 d5 20. Nbd6+ Kd7
21. Nf6+ Kc7 22. Nde8+ Kb8 23. Be2 Qxb2 24. Rf1 Qxe5 25. Bh5 Nd8 26. h3 d4 27.
Bxf7 Nxf7 28. Qg6 Bxf6 29. Nxf6 a6 30. Rxf7 Rxf7 31. Qxf7 Qe2 32. Rf3 Qe1+ 33.
Kh2 e5 34. Nd5 e4 35. Rb3 Qa5 36. Qf4+ Ka7 37. Qxe4 Rb8 38. Qxd4+ Ka8 39. Rc3 b6
40. Nc7+ Ka7 41. g4 Qxa2 42. g5 Qf7 43. Nd5 Qf5 44. Rc7+ Ka8 45. h4 Qh3+ 46. Kg1
a5 47. Nxb6+ Rxb6 48. Qxb6 Qg3+ 49. Kf1 Bh3+ 50. Ke2 Bg4+ 51. Kd2 Qf4+ 52. Kc3
Qe5+ 53. Kb3 Be6+ 54. c4 Qg3+ 55. Ka4 Qf3 56. Qa7# 1-0

[Event "AUTO-OPEN-4557"]
[Site "http://www.queenalice.com/game.php?id=1846224"]
[Date "2024.10.26"]
[Round "1"]
[White "Chsilva"]
[Black "game"]
[Result "1-0"]
[WhiteElo "1786"]
[BlackElo "1558"]

1. e4 d6 2. c4 e5 3. g3 Nf6 4. f3 Nc6 5. d3 h5 6. a3 h4 7. g4 Nd4 8. Be3 b5 9.
Bxd4 exd4 10. Ne2 a5 11. Nxd4 c5 12. Nxb5 a4 13. N1c3 g5 14. Bh3 Bd7 15. Nxd6+
Bxd6 16. O-O Rb8 17. Qe2 Be5 18. Qd2 Bf4 19. Qe2 O-O 20. e5 Re8 21. Qc2 Be3+ 22.
Kh1 Rxe5 23. Nxa4 Ra8 24. Nc3 Ra6 25. Ne4 Bc6 26. Rfd1 Ba4 27. b3 Bc6 28. Qe2
Bd4 29. b4 Bxa1 30. Rxa1 cxb4 31. d4 Qxd4 32. Rd1 Qb2 33. Nxf6+ Kf8 34. Qxb2
Bxf3+ 35. Bg2 Bxd1 36. Nd7+ Kg7 37. Nxe5 bxa3 38. Qa1 Be2 39. c5 Kf6 40. c6 Ra5
41. Nc4+ Kg6 42. Nxa5 Bxg4 43. c7 Kh5 44. Nc4 Be6 45. Nxa3 f5 46. h3 g4 47. Qf6
Bc8 48. Nc4 Bb7 49. Qxf5+ Kh6 50. hxg4 h3 51. Bxb7 1-0

[Event "AUTO-OPEN-4557"]
[Site "http://www.queenalice.com/game.php?id=1846249"]
[Date "2024.10.26"]
[Round "1"]
[White "mestre62"]
[Black "Chsilva"]
[Result "0-1"]
[WhiteElo "1449"]
[BlackElo "1767"]

1. e4 e5 2. d3 c5 3. Nf3 Nc6 4. Bg5 Be7 5. Bxe7 Ngxe7 6. Be2 Qa5+ 7. c3 f6 8.
Na3 b5 9. d4 cxd4 10. b4 Qxa3 11. O-O dxc3 12. Bxb5 Qxb4 13. Bxc6 Nxc6 14. Nh4
Qxe4 15. Qh5+ g6 16. Qh6 Ba6 17. Rfe1 Qc4 18. Nxg6 Rg8 19. Qxh7 O-O-O 20. h3 c2
21. Nh4 Nd4 22. Nf5 Ne2+ 23. Rxe2 Qxe2 24. Ne7+ Kb7 25. Nxg8 Qd1+ 26. Rxd1
cxd1=Q+ 27. Kh2 Qd6 28. Qe4+ Kb8 29. Nh6 Bb7 30. Qa4 Qd5 31. f3 Bc6 32. Qh4 Qxa2
33. Qxf6 Kc8 34. Nf7 Rg8 35. Nd6+ Kc7 0-1

[Event "AUTO-OPEN-4557"]
[Site "http://www.queenalice.com/game.php?id=1846250"]
[Date "2024.10.26"]
[Round "1"]
[White "Chsilva"]
[Black "mestre62"]
[Result "0-1"]
[WhiteElo "1770"]
[BlackElo "1464"]

1. e4 e5 2. c4 Nf6 3. Nc3 Bb4 4. Qf3 Bxc3 5. bxc3 d6 6. Ba3 Bg4 7. Qd3 Nh5 8. c5
Nf4 9. Qg3 h5 10. h3 Be6 11. Qxg7 Kd7 12. Qg3 h4 13. Qe3 Ke8 14. cxd6 cxd6 15.
Nf3 Nc6 16. Bb5 a6 17. Bxc6+ bxc6 18. O-O Rg8 19. d4 Rxg2+ 20. Kh1 Bxh3 21. Rg1
d5 22. dxe5 Rxg1+ 23. Nxg1 Ng2 24. Qxh3 Qg5 25. Nf3 Nf4 26. Nxg5 Nxh3 27. Nxh3
dxe4 28. Ng5 Rd8 29. Bd6 f6 30. Nxe4 fxe5 31. Bc7 Rd5 32. Nf6+ Ke7 33. Nxd5+
cxd5 0-1

[Event "AUTO-OPEN-4557"]
[Site "http://www.queenalice.com/game.php?id=1846265"]
[Date "2024.10.26"]
[Round "1"]
[White "delphicoracle"]
[Black "Chsilva"]
[Result "1-0"]
[WhiteElo "2565"]
[BlackElo "1790"]

1. c4 e5 2. g3 c5 3. Bg2 Nc6 4. Nc3 Nf6 5. e3 a6 6. Nge2 h6 7. O-O g5 8. b3 Nb4
9. d4 cxd4 10. exd4 Ng4 11. h3 Nf6 12. dxe5 Nh5 13. Nd4 Bg7 14. Qxh5 d6 15. Ba3
Qb6 16. Nd5 Nxd5 17. Bxd5 O-O 18. Bxd6 Qxd4 19. Bxf8 Bxf8 20. Qxf7+ Kh8 21. Qg8#
1-0

[Event "AUTO-OPEN-4557"]
[Site "http://www.queenalice.com/game.php?id=1846266"]
[Date "2024.10.26"]
[Round "1"]
[White "Chsilva"]
[Black "delphicoracle"]
[Result "0-1"]
[WhiteElo "1788"]
[BlackElo "2566"]

1. e4 c6 2. Nf3 d5 3. Bd3 dxe4 4. Bxe4 Nf6 5. Nc3 Nxe4 6. Nxe4 Bg4 7. O-O e6 8.
h3 Bh5 9. Ng3 Bg6 10. d4 Nd7 11. c3 Bd6 12. Qe2 O-O 13. Ne4 Bc7 14. Re1 Re8 15.
Bg5 f6 16. Bh4 Bh5 17. g4 Bg6 18. Neg5 fxg5 19. Nxg5 Bf4 20. Nxe6 Qxh4 21. Qc4
Bf7 22. Kg2 Nf6 23. b4 Nxg4 24. hxg4 Qxg4+ 25. Kf1 Qh3+ 26. Kg1 Bh2+ 27. Kh1
Bg3+ 28. Kg1 Qh2+ 29. Kf1 Qxf2# 0-1

[Event "Challenge"]
[Site "http://www.queenalice.com/game.php?id=1850855"]
[Date "2025.1.24"]
[Round "-"]
[White "RAFAELI"]
[Black "Chsilva"]
[Result "0-1"]
[WhiteElo "1755"]
[BlackElo "1720"]

1. e4 e5 2. Qh5 Nc6 3. c3 g6 4. Qf3 Bg7 5. Bc4 Nf6 6. d3 b6 7. Nh3 d6 8. Ng5 Be6
9. Bxe6 fxe6 10. Nxe6 Qe7 11. Ng5 O-O-O 12. b4 Bh6 13. O-O Nh5 14. h4 Nf4 15.
Bxf4 exf4 16. Qxf4 Ne5 17. Rd1 Rhf8 18. Qg3 Qf6 19. f3 Bxg5 20. hxg5 Qf4 21.
Qh3+ Kb8 22. Qh6 Qe3+ 23. Kh1 Nxd3 24. Rf1 Nf2+ 25. Kh2 Qf4+ 26. Kg1 Ng4 27. Qh3
Ne3 28. Rf2 Qxg5 0-1

[Event "AUTO-ADV-4814"]
[Site "http://www.queenalice.com/game.php?id=1853099"]
[Date "2025.3.1"]
[Round "2"]
[White "askasl159"]
[Black "Chsilva"]
[Result "1-0"]
[WhiteElo "1945"]
[BlackElo "1742"]

1. e4 e5 2. f4 exf4 3. Nf3 Nc6 4. d4 Qe7 5. Nc3 Nf6 6. Bd3 d6 7. Bxf4 Ng4 8. O-O
h6 9. h3 Nf6 10. Rf2 g5 11. Bg3 Bg7 12. a3 Nh5 13. Bh2 Nxd4 14. Nd5 Qd7 15. c3
Nxf3+ 16. Rxf3 c6 17. Ne3 O-O 18. Qf1 b5 19. Nf5 Be5 20. Nxh6+ Kh7 21. Nxf7
Bxh2+ 22. Kxh2 Nf4 23. e5+ Kg7 24. Nxg5 dxe5 25. Rd1 Kh6 26. Ne4 Qg7 27. Rg3 Qe7
28. Rg5 Nxh3 29. Qe1 Nxg5 30. Qh4+ Kg7 31. Qxg5+ Qxg5 32. Nxg5 Rh8+ 33. Kg3 Kf6
34. Nh3 Bxh3 35. gxh3 Rag8+ 36. Kh2 Ke7 37. Bf5 Rd8 38. Rxd8 Rxd8 39. Kg3 Rd3+
40. Bxd3 1-0

[Event "AUTO-ADV-4814"]
[Site "http://www.queenalice.com/game.php?id=1853100"]
[Date "2025.3.1"]
[Round "2"]
[White "Chsilva"]
[Black "askasl159"]
[Result "0-1"]
[WhiteElo "1670"]
[BlackElo "1819"]

1. e4 e5 2. Nc3 Nf6 3. Nf3 Nc6 4. Bc4 h6 5. a3 a6 6. O-O Bc5 7. b4 Bb6 8. Bd5
Qe7 9. Bb2 O-O 10. Bxc6 bxc6 11. Na4 Bd4 12. Bxd4 exd4 13. e5 Ne4 14. Qe2 d5 15.
exd6 cxd6 16. Nxd4 Re8 17. Nb6 Bb7 18. Nxa8 Bxa8 19. Rfe1 c5 20. bxc5 Qg5 21.
Nf3 Qxc5 22. d4 Qc6 23. Qd3 Kf8 24. d5 Qxd5 25. Qxd5 Bxd5 26. Nd4 Nc3 27. Rxe8+
Kxe8 28. Nf5 Kf8 29. Nxd6 Ke7 30. Nf5+ Kf6 31. Ne3 g5 32. Nxd5+ Nxd5 33. Rb1 Ke5
34. Rd1 Nc3 35. Re1+ Kf5 36. Re3 Nd5 37. Rf3+ Ke6 38. g4 a5 39. c4 Nb6 40. c5
Nd5 41. Kf1 f6 42. Ke2 Nf4+ 43. Kd2 Kd5 44. Rc3 Kc6 45. a4 Nd5 46. Rc4 Nf4 0-1

[Event "AUTO-ADV-4814"]
[Site "http://www.queenalice.com/game.php?id=1853103"]
[Date "2025.3.1"]
[Round "2"]
[White "ALDROB"]
[Black "Chsilva"]
[Result "1-0"]
[WhiteElo "1813"]
[BlackElo "1723"]

1. d4 d5 2. c4 Be6 3. c5 c6 4. Nf3 Nf6 5. Bg5 h6 6. Bh4 Qa5+ 7. Nc3 Nbd7 8. e3
Ne4 9. Qc2 Bf5 10. Bd3 g5 11. Bg3 Bg4 12. O-O-O Nxc3 13. Qxc3 Qxc3+ 14. bxc3
Bxf3 15. gxf3 Nf6 16. Rhe1 Bg7 17. e4 Nh5 18. exd5 cxd5 19. Bd6 O-O 20. Bxe7
Rfe8 21. Re3 Nf4 22. Bd6 Rxe3 23. fxe3 Ng2 24. e4 dxe4 25. Bxe4 Ne3 26. Rd2 Nc4
27. Bxb7 Re8 28. Rd1 Re3 29. Kc2 Na3+ 30. Kb3 Nb5 31. Rc1 Rxf3 32. a4 Nxd4+ 33.
Kb4 Ne2 34. Bxf3 Nxc1 35. c6 Nd3+ 36. Kb5 Be5 37. Bxe5 Nxe5 38. c7 Nxf3 39.
c8=Q+ Kg7 40. Qh3 Ne5 41. c4 Nd7 42. c5 a6+ 43. Kxa6 Nxc5+ 44. Kb5 Nxa4 45. Kxa4
1-0

[Event "AUTO-ADV-4814"]
[Site "http://www.queenalice.com/game.php?id=1853104"]
[Date "2025.3.1"]
[Round "2"]
[White "Chsilva"]
[Black "ALDROB"]
[Result "0-1"]
[WhiteElo "1737"]
[BlackElo "1799"]

1. e4 e5 2. Nf3 Nc6 3. Bc4 Nf6 4. Ng5 d5 5. exd5 Na5 6. Qe2 Nxc4 7. Qxc4 Qxd5 8.
Qxd5 Nxd5 9. O-O Bf5 10. d3 f6 11. Nf3 Bc5 12. d4 exd4 13. Re1+ Kf7 14. Nbd2
Bxc2 15. Nb3 Bb4 16. Bd2 Bxd2 17. Nbxd2 d3 18. a3 Nf4 19. Nd4 Rhe8 20. Kf1 Rxe1+
21. Kxe1 Nxg2+ 22. Kf1 Nf4 23. Nxc2 dxc2 24. Rc1 Re8 25. Rxc2 c6 26. Nc4 Re6 27.
Na5 Nd3 28. Nxb7 Re1+ 29. Kg2 Rb1 30. b4 a5 31. Nxa5 Ne1+ 32. Kg3 Nxc2 33. Nxc6
Nxa3 34. Nd8+ Kg6 35. Nc6 Nb5 36. Ne7+ Kf7 37. Nf5 Rxb4 38. f4 Rb1 39. Nh4 Nd4
40. Kh3 g5 41. fxg5 fxg5 42. Ng2 h5 43. Kg3 Kf6 44. h3 Ke5 45. Ne3 Rb3 46. Kf2
Ke4 0-1

[Event "AUTO-ADV-4814"]
[Site "http://www.queenalice.com/game.php?id=1853105"]
[Date "2025.3.1"]
[Round "2"]
[White "maurice916"]
[Black "Chsilva"]
[Result "1-0"]
[WhiteElo "1781"]
[BlackElo "1734"]

1. Nf3 e6 2. b3 Nc6 3. Bb2 Nf6 4. e3 Bd6 5. c4 a6 6. d4 b6 7. Nbd2 Bb7 8. Be2
Bb4 9. O-O O-O 10. Qc2 d5 11. cxd5 Nxd5 12. Ne4 h6 13. a3 Be7 14. Rac1 b5 15.
Nc5 Rb8 16. Nxb7 Rxb7 17. Qxc6 Rb6 18. Qc2 a5 19. e4 Nf4 20. Rfe1 Bg5 21. Rcd1
Nxe2+ 22. Rxe2 c6 23. Nxg5 Qxg5 24. f4 Qxf4 25. Bc1 Qd6 26. Be3 Qxa3 27. d5 Rb7
28. dxc6 Rc7 29. Bc5 b4 30. Bxf8 Kxf8 31. Rd7 Qa1+ 32. Kf2 Rxd7 33. cxd7 Qd4+
34. Kf3 Qxd7 35. Rd2 Qb7 36. Qc5+ Kg8 37. Rd8+ Kh7 38. Qf8 Kg6 39. Qd6 Qb5 40.
Qd3 Qh5+ 41. g4 Qh3+ 42. Ke2 Qxh2+ 43. Kd1 e5 44. Qf3 Qg1+ 45. Kc2 Qb6 46. Qf5#
1-0

[Event "AUTO-ADV-4814"]
[Site "http://www.queenalice.com/game.php?id=1853106"]
[Date "2025.3.1"]
[Round "2"]
[White "Chsilva"]
[Black "maurice916"]
[Result "1/2-1/2"]
[WhiteElo "1742"]
[BlackElo "1742"]

1. e4 c6 2. Nc3 d5 3. Nf3 dxe4 4. Nxe4 Nf6 5. Bd3 Nbd7 6. Qe2 e6 7. b3 Nxe4 8.
Bxe4 Bd6 9. Bb2 O-O 10. d4 Nf6 11. O-O-O Bf4+ 12. Kb1 Qb6 13. g3 Bd6 14. Ne5
Nxe4 15. Qxe4 f5 16. Qf4 Rf6 17. g4 fxg4 18. Qxg4 Bxe5 19. dxe5 Rg6 20. Qh4 Qc7
21. Rd8+ Kf7 22. Rd6 Bd7 23. Qf4+ Kg8 24. Rhd1 Be8 25. h4 Rh6 26. Bc1 Qe7 27.
Qg3 Rg6 28. Bg5 Qf7 29. h5 Rxg5 30. Qxg5 h6 31. Qg4 Qxh5 32. Qxe6+ Bf7 33. Rd8+
Rxd8 34. Rxd8+ Kh7 35. Qc8 Qxe5 36. Qxb7 Qe1+ 37. Kb2 Qe5+ 38. Kb1 Qe1+ 39. Kb2
Qe5+ 40. Kb1 1/2-1/2